[Event "Ch Hungary"]
[Site "masterchessopen.com Budapest (Hungary)"]
[Round "0"]
[White "Gereben Erno (SUI)"]
[Black "Bilek Istvan (HUN)"]
[Result "1-0"]
[WhiteElo "2320"]
[BlackElo "2375"]

1.d4 Nf6 2.c4 g6 3.Nc3 d5 4.Bf4 Bg7 5.e3 O-O 6.cxd5 Nxd5 7.Nxd5 Qxd5 8.Bxc7
Nc6 9.Ne2 Bg4 10.f3 Rac8 11.Nc3 Qe6 12.Bf4 Nxd4 13.fxg4 Rfd8 14.Bd3 Qb6
15.exd4 Bxd4 16.Qc2 Qf6 17.g3 Rxc3 18.bxc3 Bxc3+ 19.Kf2 Bxa1 20.Kg2 Bd4 21.Rf1
Qe6 22.Qe2 Qd7 23.Be4 Bf6 24.Bf3 g5 25.Be3 b6 26.Rd1 Qc7 27.Rxd8+ Qxd8 28.Qc4
e6 29.Qe4 Kg7 30.Be2 h6 31.Bd3 Kf8 32.a4 Qd7 33.h4 Ke7 34.h5 Qd5 35.Qxd5 exd5
36.Bd2 Bd4 37.Bb4+ Bc5 38.Bc3 f6 39.Kf3 a5 40.Ba6 Ke6 41.Bc8+ Ke7 42.Ke2 Bd6
43.Bd4 Bc7 44.Kd3 Kf7 45.Bf5 Ke7 46.Be3 Kd6 47.Bc1 b5 48.axb5 Kc5 49.Ba3+ Kxb5
50.Bd7+ Kb6 51.Bf8 Bxg3 52.Bxh6 f5 53.Bg7 {#r} 1-0

[Event "Ch Hungary"]
[Site "masterchessopen.com Budapest (Hungary)"]
[Round "0"]
[White "Kluger Gyula (HUN)"]
[Black "Honfi Karoly (HUN)"]
[Result "0-1"]
[WhiteElo "2250"]
[BlackElo "2365"]

1.d4 Nf6 2.c4 g6 3.Nc3 d5 4.Bf4 Bg7 5.e3 O-O 6.cxd5 Nxd5 7.Nxd5 Qxd5 8.Bxc7
Na6 9.Bxa6 bxa6 10.Nf3 Qb7 11.Be5 Bxe5 12.Nxe5 Qxg2 13.Qf3 Qxf3 14.Nxf3 Bb7
15.Ke2 Rfc8 16.Rhc1 f6 17.Ne1 Bd5 18.b3 a5 19.Kd2 Kf7 20.Nd3 g5 21.Rc5 Rxc5
22.Nxc5 f5 23.Rc1 Rc8 24.Rc3 Rc6 25.Na4 Rh6 26.Rc5 e6 27.Nc3 Bf3 28.e4 f4
29.d5 exd5 30.Rc7+ Ke8 31.exd5 Rxh2 32.Kd3 g4 33.d6 g3 34.fxg3 fxg3 35.Ne4
Bxe4+ 36.Kxe4 h5 37.Kd5 Rd2+ 38.Ke6 Re2+ 39.Kd5 g2 40.Rg7 Kf8 41.Rg5 h4 42.d7
Ke7 43.Rg7+ Kd8 44.Kd6 Rd2+ 45.Kc6 h3 46.a3 h2 47.Rg8+ Ke7 48.Rg7+ Kf6 49.Rxg2
h1=Q {#R} 0-1

[Event "Zt"]
[Site "masterchessopen.com Dublin (Ireland)"]
[Round "3"]
[White "Fairhurst William A (SCO)"]
[Black "Pachman Ludek (GER)"]
[Result "0-1"]
[WhiteElo "2300"]
[BlackElo "2278"]

1.d4 Nf6 2.c4 g6 3.Nc3 d5 4.Bf4 Bg7 5.e3 O-O 6.cxd5 Nxd5 7.Nxd5 Qxd5 8.Bxc7
Na6 9.Bg3 Bf5 10.Ne2 Qa5+ 11.Nc3 Nb4 12.Rc1 Nxa2 13.Ra1 Nxc3 14.Rxa5 Nxd1
15.Kxd1 Rfd8 16.f4 Be4 17.Be1 b6 18.Ra1 g5 19.fxg5 e5 20.Bc3 exd4 21.exd4 Bxd4
22.Bxd4 Rxd4+ 23.Ke1 Rb4 24.Kf2 Rxb2+ 25.Kg3 a5 26.Rg1 b5 27.Kf4 Bg6 28.h4 a4
29.g4 a3 30.h5 Bb1 31.Bg2 Ra4+ 32.Kg3 a2 33.Bd5 Ra3+ 34.Kf4 Rf2+ 35.Ke5 Kf8
36.Kd6 b4 37.Rc1 Rc2 38.Rf1 Ra6+ 39.Ke5 Rc7 40.Raxb1 axb1=Q 41.Rxb1 Rb6 42.Kd4
Rb5 43.Ke4 Re7+ {#R} 0-1

[Event "It"]
[Site "masterchessopen.com Belgrade (Yugoslavia)"]
[Round "0"]
[White "Karaklajic Nikola (SRB)"]
[Black "Gligoric Svetozar (SRB)"]
[Result "0-1"]
[WhiteElo "2303"]
[BlackElo "2447"]

1.d4 Nf6 2.c4 g6 3.Nc3 d5 4.Bf4 Bg7 5.e3 O-O 6.cxd5 Nxd5 7.Nxd5 Qxd5 8.Bxc7
Na6 9.Bxa6 Qxg2 10.Qf3 Qxf3 11.Nxf3 bxa6 12.O-O f6 13.Rac1 Bb7 14.Nd2 e5
15.Nb3 Rf7 16.Rc3 exd4 17.Nxd4 f5 18.Bf4 Re8 19.Rfc1 h6 20.Rc7 Bd5 21.Rxf7
Bxf7 22.b3 g5 23.Bd6 Bxd4 24.exd4 Re2 25.a3 Bxb3 26.Kf1 Rd2 27.Be5 Bd5 28.Rc3
Kf7 29.Ke1 Ra2 30.Bd6 Kg6 31.h4 g4 32.Bf4 Bf3 33.d5 Bxd5 34.Rd3 Bc4 35.Rd6+
Kf7 36.Rxh6 Re2+ 37.Kd1 Rxf2 38.Be5 Rf3 39.h5 Bd5 40.Kc2 Re3 41.Bd4 Rh3 42.Kb2
Ke7 43.Bc5+ Ke8 44.Rh7 Bf7 45.h6 a5 46.a4 a6 47.Bd6 g3 48.Rg7 Rxh6 49.Bxg3
Rb6+ 50.Kc1 Rb4 51.Rg5 Be6 52.Rg7 Rxa4 53.Ra7 Rc4+ 54.Kb2 Rb4+ 55.Ka1 f4
56.Bxf4 Rxf4 57.Rxa6 Ra4+ 58.Kb2 Ke7 59.Kb1 Kf6 60.Rd6 Ke5 61.Rd2 Re4 62.Kb2
Re3 63.Rd1 a4 64.Kb1 a3 65.Ka1 Re2 66.Kb1 Bc4 67.Ka1 Ke4 68.Kb1 Bb3 69.Rh1 Kd4
70.Ka1 Kc3 71.Rh3+ Kb4 72.Rh1 Bc2 73.Rg1 Rd2 74.Rg4+ Kb3 75.Rd4 Bd3 76.Rb4+
Kc2 77.Rc4+ Kd1 78.Rc3 Bc2 79.Rg3 Bd3 80.Rg1+ Kc2 81.Rc1+ Kb3 82.Rc3+ Kb4
83.Rb3+ Kc4 84.Rc3+ Kd4 85.Rxa3 Bc4 86.Kb1 Kc5 87.Kc1 Rf2 88.Rc3 Kd4 89.Rc2
Rf1+ 90.Kd2 Rb1 91.Rc3 Rb6 92.Rc2 Bd3 93.Ra2 Rb1 94.Ra4+ Bc4 95.Ra3 Rb2+
96.Kd1 Bb3+ 97.Ke1 Ke3 98.Kf1 Kf3 99.Kg1 Rb1+ 100.Kh2 Kf2 101.Kh3 Bd1 102.Kh2
Bf3 103.Ra2+ Be2 104.Ra4 Rc1 105.Rb4 Ra1 106.Rd4 Ra5 107.Kh3 Kf3 108.Kh2 Rh5+
109.Kg1 Kg3 110.Rd8 Rb5 111.Rg8+ Bg4 112.Rf8 Rb2 113.Rf6 Rd2 114.Rf7 Be6
115.Rf6 Bd5 116.Rg6+ Kf3 117.Rd6 Rd1+ 118.Kh2 Kf2 {#R} 0-1

[Event "Match \"]
[Site "masterchessopen.com Belgrade (Yugoslavia)"]
[Round "0"]
[White "Ivkov Borislav (SRB)"]
[Black "Lengyel Levente (HUN)"]
[Result "1-0"]
[WhiteElo "2416"]
[BlackElo "2293"]

1.d4 Nf6 2.c4 g6 3.Nc3 d5 4.Bf4 Bg7 5.e3 O-O 6.cxd5 Nxd5 7.Nxd5 Qxd5 8.Bxc7
Na6 9.Bxa6 bxa6 10.Nf3 Qb7 11.Bg3 Qxb2 12.O-O Be6 13.Qc1 Qb7 14.Qa3 Bf5 15.Qb3
Qb5 16.Rfc1 Rac8 17.Bc7 Qd7 18.Ne5 Bxe5 19.Bxe5 Rxc1+ 20.Rxc1 Rc8 21.Rxc8+
Qxc8 22.h4 Kf8 23.Kh2 f6 24.Bf4 Kg7 25.f3 Bd7 26.e4 Bb5 27.d5 Qc4 28.Qe3 Qxa2
29.Qxa7 Kf8 30.Qb8+ Be8 31.Bh6+ Kf7 32.Qc8 g5 33.h5 {#r} 1-0

[Event "Ch Hungary"]
[Site "masterchessopen.com Budapest (Hungary)"]
[Round "4"]
[White "Dozsa Paul (AUS)"]
[Black "Honfi Karoly (HUN)"]
[Result "0-1"]
[WhiteElo "2230"]
[BlackElo "2365"]

1.d4 Nf6 2.c4 g6 3.Nc3 d5 4.Bf4 Bg7 5.e3 O-O 6.cxd5 Nxd5 7.Nxd5 Qxd5 8.Bxc7
Na6 9.Bxa6 bxa6 10.Nf3 Qb7 11.Be5 Bxe5 12.Nxe5 Qxg2 13.Qf3 Qxf3 14.Nxf3 Rb8
15.b3 Rb5 16.Ne5 f6 17.Nd3 Bb7 18.Rg1 Rh5 19.Rc1 Rc8 20.Ke2 Rxh2 21.Nc5 Bc6
22.e4 Kf7 23.Ke3 a5 24.d5 Be8 25.Ne6 Bd7 26.Rxc8 Bxc8 27.Nd8+ Ke8 28.Nc6 Rh3+
29.f3 g5 30.Kf2 h5 31.Nxa7 Bd7 32.a4 Rh2+ 33.Ke3 Rb2 34.Nc6 Rxb3+ 35.Kd4 Rxf3
36.Rb1 h4 37.Rb8+ Kf7 38.Rb7 h3 39.Rxd7 h2 40.Rxe7+ Kg6 41.d6 h1=Q {#R} 0-1

[Event "Memorial J.Capablanca"]
[Site "masterchessopen.com Habana (Cuba)"]
[Round "0"]
[White "Ivkov Borislav (SRB)"]
[Black "Uhlmann Wolfgang (GER)"]
[Result "1-0"]
[WhiteElo "2416"]
[BlackElo "2379"]

1.d4 Nf6 2.c4 g6 3.Nc3 d5 4.Bf4 Bg7 5.e3 O-O 6.cxd5 Nxd5 7.Nxd5 Qxd5 8.Bxc7
Na6 9.Bxa6 bxa6 10.Nf3 Qb7 11.Bg3 Qxb2 12.O-O Be6 13.Qc1 Qb5 14.a3 Qa4 15.Qc5
Qd7 16.Ne5 Bxe5 17.Qxe5 Rfc8 18.Rfc1 Rxc1+ 19.Rxc1 Rc8 20.Rxc8+ Qxc8 21.h4 f6
22.Qa5 Kf7 23.d5 Bd7 24.e4 e6 25.Kh2 Bb5 26.Qd2 Qd7 27.Qh6 Kg8 28.Qf4 Kf7
29.e5 f5 30.Qh6 Kg8 31.d6 Qg7 32.Qg5 h6 33.Qd8+ Qf8 34.Qc7 Qe8 35.f3 g5 36.Bf2
Qd7 37.Bxa7 gxh4 38.Be3 Kh7 39.Qc1 Qg7 40.Bf4 Kg6 41.Qe1 Kh7 42.Qxh4 Bf1
43.Bg3 Bb5 44.a4 Bc6 45.Qc4 Qd7 46.a5 Bb5 47.Qh4 Qg7 48.Qf6 Qxf6 49.exf6 Kg6
50.Be5 h5 51.Kg3 Bc6 52.Kf4 h4 53.Bd4 Bd7 54.Ke5 {#r} 1-0

[Event "Ch Bulgaria"]
[Site "masterchessopen.com Sofia (Bulgaria)"]
[Date "1964.03.03"]
[Round "3"]
[White "Milev Zdravko (BUL)"]
[Black "Prahov Valentin (BUL)"]
[Result "1-0"]
[WhiteElo "2230"]
[BlackElo "2224"]

1.d4 Nf6 2.c4 g6 3.Nc3 d5 4.Bf4 Bg7 5.e3 O-O 6.cxd5 Nxd5 7.Nxd5 Qxd5 8.Bxc7
Na6 9.Bxa6 Qxg2 10.Qf3 Qxf3 11.Nxf3 bxa6 12.Rg1 f6 13.Rc1 Bb7 14.Ke2 Rf7
15.Rc3 e6 16.Rgc1 Bf8 17.a3 Re8 18.Bg3 a5 19.Rc7 a4 20.Nd2 Ree7 21.Kd1 Bd5
22.Rxe7 Rxe7 23.Bd6 Rd7 24.Bxf8 Kxf8 25.Rc5 Rb7 26.Kc2 f5 27.Ra5 Bc6 28.Rc5
Bd5 29.f3 Kg7 30.e4 fxe4 31.fxe4 Ba2 32.Ra5 Rc7+ 33.Kd3 Bb3 34.d5 exd5 35.exd5
Rb7 36.Kd4 Bd1 37.d6 Bg4 38.Rxa4 h5 39.Rb4 Rxb4+ 40.axb4 h4 41.Ne4 Kf7 42.Ke5
Bf5 43.Ng5+ Ke8 44.Kd5 Kd8 45.Kc6 Kc8 46.b5 Bd7+ 47.Kc5 Kb7 48.Nf3 h3 49.Ng5
Bf5 50.Kd5 Kc8 51.b6 axb6 52.Kc6 b5 53.Kxb5 Kb7 54.Kc5 Bc8 55.b4 Bf5 56.b5 Bd7
57.b6 Bc8 58.Nh7 Bf5 59.Nf6 g5 60.d7 Bxd7 61.Nxd7 g4 62.Ne5 g3 63.Nf3 gxh2
64.Nxh2 {#r} 1-0

[Event "?"]
[Site "masterchessopen.com Belgrade (Yugoslavia)"]
[Round "0"]
[White "Karaklajic Nikola (SRB)"]
[Black "Knezevic Milorad (SRB)"]
[Result "0-1"]
[WhiteElo "2303"]
[BlackElo "2212"]

1.d4 Nf6 2.c4 g6 3.Nc3 d5 4.Bf4 Bg7 5.e3 O-O 6.cxd5 Nxd5 7.Nxd5 Qxd5 8.Bxc7
Nc6 9.Ne2 Bg4 10.f3 Rac8 11.Nc3 Qe6 12.Bf4 Nxd4 13.fxg4 Rfd8 14.Bd3 Nc6 15.Qe2
Nb4 16.Rd1 Bxc3+ 17.bxc3 Nxa2 18.Qb2 Nxc3 19.Rd2 Rd5 20.Rf1 b5 21.Be2 Rdc5
22.Bd3 Rd5 23.g5 b4 24.Rf3 a5 25.Qb3 Qb6 26.Bc4 Rf5 27.Bxf7+ Kf8 28.Qe6 Rc6
29.Bd6 Rxd6 {#R} 0-1

[Event "Olympiad"]
[Site "masterchessopen.com Habana (Cuba)"]
[Round "0"]
[White "Vranesic Zvonko (CAN)"]
[Black "Bhend Edwin (SUI)"]
[Result "1-0"]
[WhiteElo "2320"]
[BlackElo "2256"]

1.d4 Nf6 2.c4 g6 3.Nc3 d5 4.Bf4 Bg7 5.e3 O-O 6.cxd5 Nxd5 7.Nxd5 Qxd5 8.Bxc7
Bf5 9.Ne2 Na6 10.Nc3 Qc6 11.Bg3 Nb4 12.Rc1 Rac8 13.a3 Nd5 14.Be2 Nxc3 15.bxc3
Qxg2 16.Bf3 Qh3 17.Bxb7 Rcd8 18.Qf3 Bg4 19.Qg2 Qh5 20.h3 Be2 21.f3 Bc4 22.Qc2
Rb8 23.Bxb8 Rxb8 24.Be4 f5 25.Bd3 Bd5 26.Rf1 Qxh3 27.Qe2 Qg3+ 28.Kd1 Qc7 29.c4
Bc6 30.f4 Rb3 31.a4 Bxa4 32.Bc2 Rb2 33.Qd3 Bd7 34.Rb1 Rxb1+ 35.Bxb1 Qa5 36.Bc2
Bc6 37.d5 Be8 38.Ke2 Bf6 39.Rb1 Kg7 40.Qd2 Qc7 41.Bd3 g5 42.Rc1 gxf4 43.exf4
Qc5 44.Bxf5 a5 45.Kf1 a4 46.Bb1 h5 47.Qd3 a3 48.Rc2 Kf8 49.Rg2 h4 50.Ba2 Bf7
51.Rd2 Kg7 52.Qe4 h3 53.Qf3 Qc8 54.Rh2 Qf5 55.Rxh3 Qc2 56.Qg2+ {#r} 1-0

[Event "Ch City"]
[Site "masterchessopen.com Budapest (Hungary)"]
[Round "3"]
[White "Gasztonyi Endre (HUN)"]
[Black "Haag Ervin (HUN)"]
[Result "0-1"]
[WhiteElo "2295"]
[BlackElo "2284"]

1.d4 Nf6 2.c4 g6 3.Nc3 d5 4.Bf4 Bg7 5.e3 O-O 6.cxd5 Nxd5 7.Nxd5 Qxd5 8.Bxc7
Bf5 9.Ne2 Na6 10.Nc3 Qc6 11.Ba5 b6 12.Qf3 Qd6 13.Qd5 Nb4 14.Bxb4 Qxb4 15.Qb3
Qd6 16.Ba6 e5 17.d5 e4 18.Nb5 Qf6 19.Nd4 Bc8 20.Bxc8 Raxc8 21.O-O Rc5 22.Rad1
Rd8 23.f3 exf3 24.Rxf3 Qg5 25.Nc6 Rd7 26.e4 Rc1 27.Rff1 Rxd1 28.Rxd1 Qg4
29.Re1 f6 30.Qc4 Bf8 31.Qe2 Bc5+ 32.Kh1 Qxe2 33.Rxe2 a5 34.g4 Kg7 35.Rc2 f5
36.gxf5 gxf5 37.Rg2+ Kh6 38.h4 fxe4 39.Ne5 Re7 40.Ng4+ Kh5 41.Nf6+ Kxh4 42.Re2
Kg5 43.Nxe4+ Kf4 44.Nc3 Rxe2 45.Nxe2+ Ke5 46.Kg2 Kxd5 47.Kf3 Bd4 48.Nf4+ Kc4
49.b3+ Kb4 50.Ke4 Bc5 51.Nd5+ Ka3 52.Nc3 h5 53.Kd3 Bb4 54.Nd5 h4 55.Nxb6 h3
{#R} 0-1

[Event "It"]
[Site "masterchessopen.com Leningrad (Russia)"]
[Round "15"]
[White "Hort Vlastimil (GER)"]
[Black "Jimenez Eleazar (CUB)"]
[Result "1-0"]
[WhiteElo "2466"]
[BlackElo "2365"]

1.c4 Nf6 2.Nc3 d5 3.d4 g6 4.Bf4 Bg7 5.e3 O-O 6.cxd5 Nxd5 7.Nxd5 Qxd5 8.Bxc7 b6
9.Bg3 Bb7 10.Nf3 Nc6 11.Be2 Rfd8 12.O-O Rac8 13.Qa4 Qd7 14.Rfd1 e6 15.Bh4 Re8
16.Rac1 a6 17.Bxa6 Bxa6 18.Qxa6 Nb4 19.Qxb6 Nxa2 20.Rxc8 Rxc8 21.h3 {#r} 1-0

[Event "It"]
[Site "masterchessopen.com Bad Pyrmont (Germany)"]
[Round "0"]
[White "Gerusel Mathias (GER)"]
[Black "Dueball Juergen (GER)"]
[Result "0-1"]
[WhiteElo "2239"]
[BlackElo "2324"]

1.d4 Nf6 2.c4 g6 3.Nc3 d5 4.Bf4 Bg7 5.e3 O-O 6.cxd5 Nxd5 7.Nxd5 Qxd5 8.Bxc7
Bf5 9.Bxb8 Raxb8 10.Ne2 e5 11.Nc3 Qa5 12.d5 e4 13.Qb3 Rfd8 14.Rc1 b5 15.Be2 b4
16.Nb1 Bd7 17.Bd1 Bb5 18.Nd2 Bd3 19.f3 Rxd5 20.fxe4 Rd7 21.Bg4 Qg5 {#R} 0-1

[Event "It (open)"]
[Site "masterchessopen.com Groningen (Netherlands)"]
[Round "0"]
[White "Fedder Steen (DEN)"]
[Black "Ribli Zoltan (HUN)"]
[Result "0-1"]
[WhiteElo "2380"]
[BlackElo "2588"]

1.d4 Nf6 2.c4 g6 3.Nc3 d5 4.Bf4 Bg7 5.e3 O-O 6.cxd5 Nxd5 7.Nxd5 Qxd5 8.Bxc7
Nc6 9.Ne2 Bg4 10.f3 Rac8 11.Nc3 Qe6 12.Bf4 Bxd4 13.fxg4 g5 14.Bxg5 Rfd8 15.Qf3
Bxc3+ 16.bxc3 Qe5 17.Be2 Qxg5 18.O-O Ne5 19.Qf4 h6 20.h4 Qg7 21.Rfd1 Ng6
22.Qf2 Qxc3 23.Rf1 Qg7 24.Bf3 b6 25.Rad1 Qf6 26.g5 hxg5 27.hxg5 Qxg5 28.Bb7
Rxd1 29.Qxf7+ Kh8 30.Bxc8 Qxe3+ 31.Kh1 Rxf1+ 32.Qxf1 Kg7 33.Bb7 Ne5 34.Bd5 a5
35.Qf5 Qe1+ {#R} 0-1

[Event "?"]
[Site "masterchessopen.com Tbilisi (Georgia)"]
[Round "0"]
[White "Navarovszky Laszlo (HUN)"]
[Black "Timman Jan H (NED)"]
[Result "1-0"]
[WhiteElo "2410"]
[BlackElo "2445"]

1.d4 Nf6 2.c4 g6 3.Nc3 d5 4.Bf4 Bg7 5.e3 O-O 6.cxd5 Nxd5 7.Nxd5 Qxd5 8.Bxc7
Bf5 9.Ne2 Na6 10.Nc3 Qc6 11.Ba5 b6 12.Qf3 Qe6 13.Bxa6 bxa5 14.Qe2 Qd6 15.O-O
e5 16.dxe5 Qxe5 17.Rfd1 Rfd8 18.Rxd8+ Rxd8 19.Rd1 Rb8 20.Bc4 h5 21.h3 Rc8
22.Nd5 Kh7 23.b3 Be6 24.a4 Rd8 25.Qd2 Qg5 26.f4 Qg3 27.Qf2 Qxf2+ 28.Kxf2 f5
29.Nc3 Re8 30.Bxe6 Rxe6 31.Nb5 Rc6 32.Rd3 Rc2+ 33.Kf3 h4 34.Rd7 a6 35.Nc7 Kg8
36.Ne6 Bb2 37.Rd3 Kf7 38.Ng5+ Ke7 39.e4 Ba3 40.exf5 gxf5 41.Re3+ Kd6 42.g3
hxg3 43.Kxg3 Kc5 44.h4 Kb4 45.h5 Rc3 46.Rxc3 Kxc3 47.h6 Kxb3 48.h7 Bb2 49.Kh4
Kxa4 50.Nf7 {#r} 1-0

[Event "It (open)"]
[Site "masterchessopen.com Mar del Plata (Argentina)"]
[Round "8"]
[White "Ocampo Raul (MEX)"]
[Black "Farah Rodolfo (ARG)"]
[Result "0-1"]
[WhiteElo "2260"]
[BlackElo "2152"]

1.d4 Nf6 2.c4 g6 3.Nc3 d5 4.Bf4 Bg7 5.e3 O-O 6.cxd5 Nxd5 7.Nxd5 Qxd5 8.Bxc7
Nc6 9.Ne2 Bg4 10.f3 Bxf3 11.gxf3 Qxf3 12.Rg1 Qxe3 13.Bf4 Qf3 14.Bg2 Qh5
15.Bxc6 bxc6 16.Qc2 c5 17.dxc5 Rac8 18.Rc1 Qh4+ 19.Bg3 Qb4+ 20.Kf1 Bh6 21.Qc4
Qxb2 22.Bf4 Bxf4 23.Nxf4 Qf6 24.Ke1 Rfd8 25.Ne2 Rd7 26.Rf1 Qg7 27.Rf3 Rdc7
28.Qa6 Qe5 29.c6 Qxh2 30.Qa4 Qh1+ 31.Kf2 Qh2+ 32.Ke1 Qh1+ 33.Kd2 Qxf3 {#R} 0-1

[Event "?"]
[Site "masterchessopen.com URS"]
[Round "0"]
[White "Tamme Ants (EST)"]
[Black "Gulko Boris F (USA)"]
[Result "0-1"]
[WhiteElo "2220"]
[BlackElo "2585"]

1.d4 Nf6 2.c4 g6 3.Nc3 d5 4.Bf4 Bg7 5.e3 O-O 6.cxd5 Nxd5 7.Nxd5 Qxd5 8.Bxc7
Bf5 9.Ne2 Rc8 10.Nc3 Qc6 11.Bg3 Na6 12.a3 e5 13.d5 Qb6 14.e4 Rxc3 15.bxc3 Bxe4
16.f3 Qe3+ 17.Be2 Qxc3+ 18.Kf2 Bc2 19.Qc1 e4 20.Bf4 Nc5 21.Ra2 Nd3+ 22.Bxd3
exd3 23.d6 Qd4+ 24.Kg3 g5 25.Bxg5 Qxd6+ 26.Kf2 Bd4+ 27.Be3 Re8 28.Re1 Rxe3
29.Rxe3 Qb6 30.f4 Bxe3+ 31.Qxe3 d2 {#R} 0-1

[Event "Ch Europe (team) 1973/83"]
[Site "masterchessopen.com corr."]
[Round "0"]
[White "Wiersma Eelke (NED)"]
[Black "Zapletal Jiri (CZE)"]
[Result "1-0"]
[WhiteElo "2391"]
[BlackElo "2146"]

1.d4 Nf6 2.c4 g6 3.Nc3 d5 4.Bf4 Bg7 5.e3 O-O 6.cxd5 Nxd5 7.Nxd5 Qxd5 8.Bxc7
Nc6 9.Ne2 Bg4 10.f3 Rac8 11.Nc3 Qe6 12.Bf4 Bxd4 13.fxg4 g5 14.Bxg5 Rfd8 15.Qc1
Nb4 16.Be2 f6 17.Bf4 Nxa2 18.Rxa2 Bxc3+ 19.bxc3 Qxa2 20.Bf3 e5 21.Bh6 b5
22.O-O b4 23.Qe1 bxc3 24.Qh4 Qf7 25.e4 c2 26.Bc1 Rd4 27.Qg3 h6 28.g5 fxg5
29.Qh3 Rc6 30.Bh5 Qg7 31.Qb3+ Kh8 32.Qb8+ Kh7 33.Bg4 Qe7 34.Rf8 Kg6 35.h4 Rd1+
36.Kh2 Rxc1 37.h5+ Kg7 38.Rg8+ Kf7 39.Qb3+ Re6 40.Rg6 Rh1+ 41.Kg3 {#r} 1-0

[Event "?"]
[Site "masterchessopen.com URS"]
[Round "0"]
[White "Kaunas Kestutis (LTU)"]
[Black "Levchenkov Vitaly (LAT)"]
[Result "1-0"]
[WhiteElo "2254"]
[BlackElo "2260"]

1.d4 Nf6 2.c4 g6 3.Nc3 d5 4.Bf4 Bg7 5.e3 O-O 6.cxd5 Nxd5 7.Nxd5 Qxd5 8.Bxc7
Bf5 9.Ne2 Rc8 10.Nc3 Qc6 11.Bg3 Na6 12.Be2 Qxg2 13.Bf3 Qh3 14.Bxb7 Nb4 15.Bxa8
Rxa8 16.Qf3 Rd8 17.O-O-O Nd3+ 18.Rxd3 Bxd3 19.Rd1 Bc4 20.Qb7 Qd7 21.Qxd7 Rxd7
22.b3 Ba6 23.Na4 Rd8 24.Nc5 {#r} 1-0

[Event "Ch World (for the Blind)"]
[Site "masterchessopen.com Brugge (Belgium)"]
[Date "1978.09.21"]
[Round "11"]
[White "Jennen Herman (BEL)"]
[Black "Alon Levi (ISR)"]
[Result "0-1"]
[WhiteElo "1937"]
[BlackElo "1915"]

1.d4 Nf6 2.c4 g6 3.Nc3 d5 4.Bf4 Bg7 5.e3 O-O 6.cxd5 Nxd5 7.Nxd5 Qxd5 8.Bxc7
Na6 9.Bxa6 bxa6 10.Nf3 Bd7 11.Qb3 Qxb3 12.axb3 Rfc8 13.Rc1 Rab8 14.Rc3 Rb7
15.Ba5 Rxc3 16.Bxc3 Rxb3 17.Kd2 a5 18.Ra1 a4 19.Ne1 e6 20.Nd3 Bf8 21.Nc5 Bxc5
22.dxc5 Kf8 23.Ra3 Rb7 24.Kc2 Ke7 25.b3 axb3+ 26.Rxb3 {#R} 0-1

[Event "?"]
[Site "masterchessopen.com URS"]
[Round "0"]
[White "Kaunas Kestutis (LTU)"]
[Black "Gavrikov Viktor (LTU)"]
[Result "0-1"]
[WhiteElo "2254"]
[BlackElo "2430"]

1.d4 Nf6 2.c4 g6 3.Nc3 d5 4.Bf4 Bg7 5.e3 O-O 6.cxd5 Nxd5 7.Nxd5 Qxd5 8.Bxc7
Nc6 9.Ne2 Bg4 10.f3 Rac8 11.Nc3 Qe6 12.Bf4 Bxd4 13.fxg4 g5 14.Bxg5 Rfd8 15.Qb3
Qxg4 16.h4 Be5 17.Rh3 Bg3+ 18.Rxg3 Qxg3+ 19.Ke2 Ne5 20.Rd1 Nf3 21.Rd5 Ng1+
22.Kd2 Qf2+ 23.Be2 Qxg2 24.Ke1 Nxe2 25.Rxd8+ Rxd8 26.Nxe2 Qh1+ 27.Kf2 Rd1
28.e4 Qh2+ 29.Kf3 Qh3+ 30.Kf4 Rf1+ 31.Ke5 Qd7 32.Nf4 h6 33.Qc4 Rf2 {#R} 0-1

[Event "Ch Netherlands (open)"]
[Site "masterchessopen.com Dieren (Netherlands)"]
[Round "4"]
[White "Gelpke Peter (NED)"]
[Black "Peelen Piet (NED)"]
[Result "1-0"]
[WhiteElo "2364"]
[BlackElo "2354"]

1.d4 Nf6 2.c4 g6 3.Nc3 d5 4.Bf4 Bg7 5.e3 O-O 6.cxd5 Nxd5 7.Nxd5 Qxd5 8.Bxc7
Na6 9.Bxa6 bxa6 10.Nf3 Bg4 11.O-O Rac8 12.Bg3 Rc6 13.h3 Bh5 14.Re1 Rfc8 15.Bh4
Bxf3 16.Qxf3 Qxf3 17.gxf3 g5 18.Bg3 Rc2 19.Rab1 Rd2 20.a3 Bf6 21.Red1 Re2
22.Re1 Rd2 23.Red1 Re2 24.Rdc1 Rxc1+ 25.Rxc1 Rxb2 26.Rc6 Rb6 27.d5 e6 28.Bc7
Rxc6 29.dxc6 Kf8 30.Bd6+ Ke8 31.Kg2 Bc3 32.Kg3 Be1 33.e4 f5 34.exf5 exf5 35.h4
f4+ 36.Kg4 gxh4 37.Kxh4 Bxf2+ 38.Kg5 Be3 39.Kh6 Kd8 40.Kxh7 Bb6 41.Bxf4 Ke7
42.Kg6 a5 43.a4 a6 44.Be5 Ke6 45.f4 Ba7 46.f5+ {#r} 1-0

[Event "It"]
[Site "masterchessopen.com Lauda (Germany)"]
[Round "8"]
[White "Gschnitzer Oswald (GER)"]
[Black "Maier Christian (GER)"]
[Result "1-0"]
[WhiteElo "2456"]
[BlackElo "2352"]

1.d4 Nf6 2.c4 g6 3.Nc3 d5 4.Bf4 Bg7 5.e3 O-O 6.cxd5 Nxd5 7.Nxd5 Qxd5 8.Bxc7
Nc6 9.Ne2 Bg4 10.f3 Bxf3 11.gxf3 Qxf3 12.Rg1 Qxe3 13.Bf4 Qe4 14.Bg2 Qf5
15.Bxc6 bxc6 16.Qd2 Rfd8 17.O-O-O Qe6 18.Kb1 Rd7 19.Qe3 Qf5+ 20.Ka1 Rad8
21.Rg5 Qf6 22.Rc5 Rd5 23.Bg5 Qf5 24.Qxe7 Rb8 25.Rxd5 Qxd5 26.Bf4 Rc8 27.Nc3
Qc4 28.Be5 {#r} 1-0

[Event "It (young masters)"]
[Site "masterchessopen.com Oakham (England)"]
[Round "4"]
[White "Ludvigsen Frode (NOR)"]
[Black "Kuznecov Alex (CAN)"]
[Result "0-1"]
[WhiteElo "2140"]
[BlackElo "2310"]

1.d4 Nf6 2.c4 g6 3.Nc3 d5 4.Bf4 Bg7 5.e3 O-O 6.cxd5 Nxd5 7.Nxd5 Qxd5 8.Bxc7
Na6 9.Bxa6 bxa6 10.Nf3 Qb7 11.Bg3 Qxb2 12.O-O Bf5 13.Qb3 Qxb3 14.axb3 Rfc8
15.Rfc1 Bd3 16.Ne5 Bb5 17.Nc4 Bf8 18.Rc2 Rc6 19.Kf1 e6 20.Ke1 a5 21.Kd1 a4
22.Nd2 Be2+ 23.Kc1 Rxc2+ 24.Kxc2 Rc8+ 25.Nc4 {#R} 0-1

[Event "Europe Tournament (corr.)"]
[Site "masterchessopen.com corr."]
[Round "0"]
[White "Mueller Friedrich (GER)"]
[Black "Wielgus Jerzy (POL)"]
[Result "1-0"]
[WhiteElo "2085"]
[BlackElo "2039"]

1.d4 Nf6 2.c4 g6 3.Nc3 d5 4.Bf4 Bg7 5.e3 O-O 6.cxd5 Nxd5 7.Nxd5 Qxd5 8.Bxc7
Bf5 9.Ne2 Na6 10.Nc3 Qc6 11.Ba5 b6 12.Qf3 Qc8 13.Nd5 Qe6 14.Bc3 Be4 15.Nf4 Qc6
16.Qg3 b5 17.f3 Bf5 18.a3 Rad8 19.Be2 e5 20.dxe5 Rfe8 21.e4 Bc8 22.Nd5 Nc5
23.O-O Be6 24.Nf6+ {#r} 1-0

[Event "?"]
[Site "masterchessopen.com URS"]
[Round "0"]
[White "Yakovich Yuri (RUS)"]
[Black "Yandemirov Valeri (RUS)"]
[Result "1-0"]
[WhiteElo "2450"]
[BlackElo "2399"]

1.d4 Nf6 2.c4 g6 3.Nc3 d5 4.Bf4 Bg7 5.e3 O-O 6.cxd5 Nxd5 7.Nxd5 Qxd5 8.Bxc7
Na6 9.Bxa6 Qxg2 10.Qf3 Qxf3 11.Nxf3 bxa6 12.Rc1 Bb7 13.Ke2 e5 14.Bxe5 Bxe5
15.dxe5 Rae8 16.Rc5 Re7 17.Rd1 Rfe8 18.Rd6 Bxf3+ 19.Kxf3 Rxe5 20.Rxe5 Rxe5
21.Rxa6 Rf5+ 22.Ke2 Rh5 23.Rxa7 Rxh2 24.a4 Rh4 25.Kd3 Rh2 26.Rb7 Rxf2 27.a5
Rf1 28.Rb3 Rd1+ 29.Ke2 Rd8 30.a6 Kg7 31.Ra3 Kf6 32.b4 Ke6 33.b5 {#r} 1-0

[Event "corr."]
[Site "masterchessopen.com DDR"]
[Round "0"]
[White "Stephan Axel (GER)"]
[Black "Berndt Klaus (GER)"]
[Result "0-1"]
[WhiteElo "2194"]
[BlackElo "2164"]

1.d4 Nf6 2.c4 g6 3.Nc3 d5 4.Bf4 Bg7 5.e3 O-O 6.cxd5 Nxd5 7.Nxd5 Qxd5 8.Bxc7
Na6 9.Bxa6 bxa6 10.Nf3 Bf5 11.O-O Rfc8 12.Rc1 Qb7 13.Be5 Qxb2 14.Bxg7 Kxg7
15.Qd2 Rab8 16.Rxc8 Qxd2 17.Nxd2 Rxc8 18.Nf3 Be6 19.a3 Rc3 20.Ra1 f6 21.Nd2
Bd5 22.Nf1 f5 23.h3 a5 24.g4 Kf6 25.gxf5 gxf5 26.Ng3 Bf3 27.Kf1 Rc2 28.Ke1 a4
29.h4 e6 {#R} 0-1

[Event "Regionalliga NordS"]
[Site "masterchessopen.com Germany"]
[Round "0"]
[White "Bachmann Andreas (GER)"]
[Black "Von Alvensleben Wolfram (GER)"]
[Result "0-1"]
[WhiteElo "2220"]
[BlackElo "2243"]

1.d4 Nf6 2.c4 g6 3.Nc3 d5 4.Bf4 Bg7 5.e3 O-O 6.cxd5 Nxd5 7.Nxd5 Qxd5 8.Bxc7
Na6 9.Bxa6 Qxg2 10.Qf3 Qxf3 11.Nxf3 bxa6 12.Rc1 Bb7 13.Ke2 Rac8 14.Rhd1 e6
15.Rc3 f6 16.Rdc1 Rf7 17.Ba5 Re8 18.Rc7 Bf8 19.Rxf7 Kxf7 20.Rc7+ Re7 21.Nd2
Ke8 22.Nb3 Rxc7 23.Bxc7 Bd5 24.Bb8 Kd7 25.Bxa7 Bd6 26.h3 Bxb3 27.axb3 Kc6
28.Kd3 Kb5 29.e4 Kb4 30.Bb6 f5 31.f3 fxe4+ 32.Kxe4 Kxb3 33.Bc5 Bc7 34.Ba3 Kc4
35.Bc5 Kb3 36.Ba3 Kc4 37.Bc5 a5 38.Ba3 a4 39.Bc5 Kb3 40.Ba3 Kc4 41.Bc5 Bb8
42.Ke3 Be5 43.Ke4 Bf6 44.f4 Bg7 45.Ke3 Bh8 46.Ke4 Bf6 47.Ke3 Bd8 48.Ke4 Bc7
49.Ke3 Kb3 50.Ba3 Bb6 51.Kd3 Ba7 52.h4 Bb6 53.Ke4 Kc4 54.Ke5 Bxd4+ 55.Kxe6 Kb3
56.h5 Bxb2 57.Bd6 Ba3 58.Be5 Bb4 59.h6 a3 60.Kf7 Bc3 {#R} 0-1